British administrative policy in India (June 1885- September 1903) (Record no. 1375244)

MARC details
000 -LEADER
fixed length control field 00544nam a2200193Ia 4500
005 - DATE AND TIME OF LATEST TRANSACTION
control field 20250508162229.0
008 - FIXED-LENGTH DATA ELEMENTS--GENERAL INFORMATION
fixed length control field 008 250505s9999 xx 000 0 eng d
037 ## - SOURCE OF ACQUISITION
Stock number Textual
040 ## - CATALOGING SOURCE
Original cataloging agency FEDL
Language of cataloging eng
Transcribing agency FEDL
041 ## - LANGUAGE CODE
Language code of text/sound track or separate title eng
Source of code eng
084 ## - COLON CLASSIFICATION NUMBER
Classification number 954.03, TYA
Assigning agency FEDL
100 ## - MAIN ENTRY--PERSONAL NAME
Personal name Tyagi M S
245 #0 - TITLE STATEMENT
Title British administrative policy in India (June 1885- September 1903)
260 ## - PUBLICATION, DISTRIBUTION, ETC.
Place of publication, distribution, etc. Delhi, India
Name of publisher, distributor, etc. S S Publishers
Date of publication, distribution, etc. 1982
300 ## - PHYSICAL DESCRIPTION
Extent 120p
365 ## - TRADE PRICE
Price type code INR
Price amount 65
942 ## - ADDED ENTRY ELEMENTS (KOHA)
Koha item type Textual
Classification part 954.03, TYA
Holdings
Withdrawn status Lost status Damaged status Not for loan Home library Current library Date acquired Cost, normal purchase price Total Checkouts Full call number Barcode Date last seen Price effective from Koha item type
        Department of Education Library Department of Education Library 2025-05-08 65.00   954.03, TYA EL0065386 2025-05-08 2025-05-08 Textual
Copyright @ Delhi University Library System